Outer Banks Season 1 Episode 3 Quiz - Statistics

General Stats
  • This quiz has been taken 298 times
  • The average score is 8 of 16
Answer Stats
Question Answer % Correct
Do the Pouges see the Royal Merchant? Yes
87%
Who does Sarah ask to cover for her sneaking out? Wheezie
85%
Big John says 'I love you ____.' bird
82%
Does Topper get attacked by Pope? No
82%
What does Barry call Rafe? Country Club
68%
What did Big John find? The Royal Merchant
62%
The Pouges talk about splitting how much money? 400 million
61%
What does Rafe hit Pope in the back with? a golf club
59%
Topper calls Sarah 'The coolest chick in the ___.' OBX
47%
What did Rafe buy with the generator money? A motorcycle
46%
What is the name of this episode? The Forbidden Zone
38%
Who does JJ say 'It's good to see you' to? Mama L
29%
Where does Big John hope they'll live and listen to the recording? Costa Rica
13%
Who does Kiara mention producing her music? Peter Tosh
10%
What does Sarah give John B that she calls his favorite? Skinny Popcorn
6%
What does the back of JJ's shirt say? FastArch
1%
No matching quizzes found
Score Distribution
Percent of People with Each Score
Percentile by Number Answered
Your Score History
You have not taken this quiz